000 01381nam a2200337 a 4500
001 ebr10677865
003 CaPaEBR
006 m u
007 cr cn|||||||||
008 130308s2013 enk sb 001 0 eng d
010 _z 2013005666
020 _z9781119945284 (pbk.)
020 _z9781118644256 (e-book)
040 _aCaPaEBR
_cCaPaEBR
035 _a(OCoLC)829937249
050 1 4 _aHB615
_b.L39 2013eb
082 0 4 _a658.1/1
_223
100 1 _aLawrence, Peter A.
245 1 0 _aEnterprise in action
_h[electronic resource] :
_ba guide to entrepreneurship /
_cPeter Lawrence.
260 _aChichester [England] :
_bJohn Wiley and Sons, Inc.,
_c2013.
300 _a258 p.
504 _aIncludes bibliographical references and index.
505 0 _aChange and opportunity -- Destination : core competence -- A natural history of innovation -- Shades of originality.
533 _aElectronic reproduction.
_bPalo Alto, Calif. :
_cebrary,
_d2013.
_nAvailable via World Wide Web.
_nAccess may be limited to ebrary affiliated libraries.
650 0 _aEntrepreneurship.
650 0 _aNew business enterprises
_xManagement.
650 0 _aOrganizational change.
655 7 _aElectronic books.
_2local
710 2 _aebrary, Inc.
856 4 0 _uhttp://site.ebrary.com/lib/rucke/Doc?id=10677865
_zAn electronic book accessible through the World Wide Web; click to view
999 _c59358
_d59358